[Event "Benidorm Satellite - Final"]
[Site "playchess.com #007059"]
[Date "2009.10.24"]
[Round "11"]
[White "Novoselski"]
[Black "Maximums"]
[Result "1-0"]
[WhiteElo "2749"]
[BlackElo "2702"]
[PlyCount "91"]
[EventDate "2009.10.24"]
[EventType "tourn (blitz)"]

1. e4 {[%emt 0:00:01]} c5 {[%emt 0:00:01]} 2. Nf3 {[%emt 0:00:02]} d6 {[%emt 0:
00:01]} 3. b3 {[%emt 0:00:02]} Nf6 {[%emt 0:00:02]} 4. Nc3 {[%emt 0:00:02]} Nc6
{[%emt 0:00:02]} 5. Bb2 {[%emt 0:00:01]} e5 {[%emt 0:00:03]} 6. Bb5 {[%emt 0:
00:01]} Be7 {[%emt 0:00:04]} 7. O-O {[%emt 0:00:02]} O-O {[%emt 0:00:01]} 8.
Bxc6 {[%emt 0:00:01]} bxc6 {[%emt 0:00:01]} 9. h3 {[%emt 0:00:01]} g6 {[%emt 0:
00:05]} 10. d3 {[%emt 0:00:01]} Nh5 {[%emt 0:00:02]} 11. Bc1 {[%emt 0:00:02]}
f5 {[%emt 0:00:02]} 12. Bh6 {[%emt 0:00:05]} Rf7 {[%emt 0:00:01]} 13. Bd2 {
[%emt 0:00:21]} f4 {[%emt 0:00:12]} 14. Nh2 {[%emt 0:00:10]} Ng7 {[%emt 0:00:
04]} 15. Ne2 {[%emt 0:00:21]} h5 {[%emt 0:00:11]} 16. Kh1 {[%emt 0:00:01]} g5 {
[%emt 0:00:02]} 17. f3 {[%emt 0:00:02]} Ne6 {[%emt 0:00:14]} 18. c3 {[%emt 0:
00:02]} Rh7 {[%emt 0:00:04]} 19. Ng1 {[%emt 0:00:03]} Ba6 {[%emt 0:00:14]} 20.
Be1 {[%emt 0:00:03]} Qd7 {[%emt 0:00:05]} 21. Rf2 {[%emt 0:00:02]} Rf8 {[%emt
0:00:07]} 22. Rd2 {[%emt 0:00:03]} Rff7 {[%emt 0:00:01]} 23. Bf2 {[%emt 0:00:
02]} Bf6 {[%emt 0:00:01]} 24. Rc1 {[%emt 0:00:05]} Rfg7 {[%emt 0:00:03]} 25. a3
{[%emt 0:00:07]} d5 {[%emt 0:00:33]} 26. b4 {[%emt 0:00:09]} c4 {[%emt 0:00:02]
} 27. d4 {[%emt 0:00:11]} exd4 {[%emt 0:00:04]} 28. Bxd4 {[%emt 0:00:12]} Nxd4
{[%emt 0:00:03]} 29. cxd4 {[%emt 0:00:00]} g4 {[%emt 0:00:14]} 30. e5 {[%emt 0:
00:14]} Bh4 {[%emt 0:00:13]} 31. Rc3 {[%emt 0:00:04]} Bg3 {[%emt 0:00:06]} 32.
Nf1 {[%emt 0:00:03]} gxh3 {[%emt 0:00:05]} 33. Nxh3 {[%emt 0:00:03]} Bc8 {
[%emt 0:00:01]} 34. Re2 {[%emt 0:00:19]} Qe7 {[%emt 0:00:06]} 35. e6 {[%emt 0:
00:03]} Rh6 {[%emt 0:00:10]} 36. Nxg3 {[%emt 0:00:04]} fxg3 {[%emt 0:00:04]}
37. Rce3 {[%emt 0:00:04]} Rhh7 {[%emt 0:00:10]} 38. Qe1 {[%emt 0:00:02]} Kf8 {
[%emt 0:00:05]} 39. f4 {[%emt 0:00:01]} Rg4 {[%emt 0:00:14]} 40. Rxg3 {[%emt 0:
00:05]} Rhg7 {[%emt 0:00:06]} 41. Rxg4 {[%emt 0:00:09]} Rxg4 {[%emt 0:00:04]}
42. f5 {[%emt 0:00:03]} Qf6 {[%emt 0:00:04]} 43. Re5 {[%emt 0:00:07]} Rxd4 {
[%emt 0:00:05]} 44. Qe3 {[%emt 0:00:01]} Rg4 {[%emt 0:00:07]} 45. Qc5+ {[%emt
0:00:05]} Kg8 {[%emt 0:00:06]} 46. Qd6 {[%emt 0:00:01] Time} 1-0

[Event "Benidorm Satellite - Final"]
[Site "playchess.com #007059"]
[Date "2009.10.24"]
[Round "11"]
[White "Yang Guo"]
[Black "High_me"]
[Result "1-0"]
[WhiteElo "2794"]
[BlackElo "2698"]
[PlyCount "83"]
[EventDate "2009.10.24"]
[EventType "tourn (blitz)"]

1. e4 {[%emt 0:00:01]} e5 {[%emt 0:00:01]} 2. Nf3 {[%emt 0:00:01]} Nc6 {[%emt
0:00:01]} 3. Bb5 {[%emt 0:00:01]} a6 {[%emt 0:00:01]} 4. Ba4 {[%emt 0:00:00]}
Nf6 {[%emt 0:00:01]} 5. O-O {[%emt 0:00:01]} Be7 {[%emt 0:00:01]} 6. Re1 {
[%emt 0:00:01]} b5 {[%emt 0:00:01]} 7. Bb3 {[%emt 0:00:00]} O-O {[%emt 0:00:02]
} 8. h3 {[%emt 0:00:01]} Bb7 {[%emt 0:00:01]} 9. d3 {[%emt 0:00:01]} d6 {[%emt
0:00:01]} 10. a3 {[%emt 0:00:01]} Na5 {[%emt 0:00:01]} 11. Ba2 {[%emt 0:00:01]}
c5 {[%emt 0:00:01]} 12. Nbd2 {[%emt 0:00:07]} Nc6 {[%emt 0:00:02]} 13. Nf1 {
[%emt 0:00:07]} Bc8 {[%emt 0:00:01]} 14. Ne3 {[%emt 0:00:05]} Be6 {[%emt 0:00:
01]} 15. Bd5 {[%emt 0:00:01]} Bxd5 {[%emt 0:00:05]} 16. exd5 {[%emt 0:00:01]}
Nd4 {[%emt 0:00:02]} 17. c4 {[%emt 0:00:01]} Nxf3+ {[%emt 0:00:15]} 18. Qxf3 {
[%emt 0:00:04]} g6 {[%emt 0:00:01]} 19. b4 {[%emt 0:00:16]} Nd7 {[%emt 0:00:19]
} 20. Bb2 {[%emt 0:00:10]} f5 {[%emt 0:00:07]} 21. Bc3 {[%emt 0:00:26]} Bf6 {
[%emt 0:00:02]} 22. Qe2 {[%emt 0:00:05]} Re8 {[%emt 0:00:29]} 23. a4 {[%emt 0:
00:06]} cxb4 {[%emt 0:00:38]} 24. Bxb4 {[%emt 0:00:00]} e4 {[%emt 0:00:01]} 25.
axb5 {[%emt 0:00:40]} Bxa1 {[%emt 0:00:05]} 26. Rxa1 {[%emt 0:00:02]} axb5 {
[%emt 0:00:13]} 27. Rxa8 {[%emt 0:00:05]} Qxa8 {[%emt 0:00:00]} 28. Bxd6 {
[%emt 0:00:01]} exd3 {[%emt 0:00:16]} 29. Qxd3 {[%emt 0:00:05]} bxc4 {[%emt 0:
00:01]} 30. Qxc4 {[%emt 0:00:01]} Rc8 {[%emt 0:00:03]} 31. Qd4 {[%emt 0:00:06]}
Rc1+ {[%emt 0:00:11]} 32. Kh2 {[%emt 0:00:02]} Qa1 {[%emt 0:00:01]} 33. Qb4 {
[%emt 0:00:18]} Rh1+ {[%emt 0:00:13]} 34. Kg3 {[%emt 0:00:03]} Qf6 {[%emt 0:00:
01]} 35. f4 {[%emt 0:00:17]} h5 {[%emt 0:00:47]} 36. Be7 {[%emt 0:00:08]} Qb6 {
[%emt 0:00:04]} 37. Qc3 {[%emt 0:00:04]} Rb1 {[%emt 0:00:05]} 38. Kh4 {[%emt 0:
00:16] .} Kf7 {[%emt 0:00:01]} 39. d6 {[%emt 0:00:11]} Qb3 {[%emt 0:00:04]} 40.
Qh8 {[%emt 0:00:12]} Qxe3 {[%emt 0:00:01]} 41. Qh7+ {[%emt 0:00:01]} Ke6 {
[%emt 0:00:03]} 42. Qg8# {[%emt 0:00:02]} 1-0

[Event "Benidorm Satellite - Final"]
[Site "playchess.com #007059"]
[Date "2009.10.24"]
[Round "11"]
[White "Jiriki"]
[Black "Kendo"]
[Result "1/2-1/2"]
[WhiteElo "2590"]
[BlackElo "2651"]
[PlyCount "110"]
[EventDate "2009.10.24"]
[EventType "tourn (blitz)"]

1. e4 {[%emt 0:00:03]} e5 {[%emt 0:00:04]} 2. Nf3 {[%emt 0:00:02]} Nc6 {[%emt
0:00:01]} 3. d4 {[%emt 0:00:01]} exd4 {[%emt 0:00:04]} 4. Nxd4 {[%emt 0:00:00]}
Nf6 {[%emt 0:00:02]} 5. Nxc6 {[%emt 0:00:03]} bxc6 {[%emt 0:00:01]} 6. e5 {
[%emt 0:00:01]} Qe7 {[%emt 0:00:03]} 7. Qe2 {[%emt 0:00:01]} Nd5 {[%emt 0:00:
02]} 8. c4 {[%emt 0:00:01]} Nb6 {[%emt 0:00:01]} 9. b3 {[%emt 0:00:02]} d5 {
[%emt 0:00:04]} 10. exd6 {[%emt 0:00:07]} Qxe2+ {[%emt 0:00:03]} 11. Bxe2 {
[%emt 0:00:05]} cxd6 {[%emt 0:00:01]} 12. Bf3 {[%emt 0:00:07]} Bb7 {[%emt 0:00:
02]} 13. O-O {[%emt 0:00:07]} O-O-O {[%emt 0:00:03]} 14. Bb2 {[%emt 0:00:05]}
f6 {[%emt 0:00:07]} 15. Nd2 {[%emt 0:00:07]} d5 {[%emt 0:00:02]} 16. cxd5 {
[%emt 0:00:06]} cxd5 {[%emt 0:00:03]} 17. Bd4 {[%emt 0:00:11]} Bd6 {[%emt 0:00:
06]} 18. Rfd1 {[%emt 0:00:19]} Rhe8 {[%emt 0:00:11]} 19. a4 {[%emt 0:00:03]}
Be5 {[%emt 0:00:07]} 20. Nf1 {[%emt 0:00:01]} Kb8 {[%emt 0:00:10]} 21. Ne3 {
[%emt 0:00:03]} Rd7 {[%emt 0:00:34]} 22. a5 {[%emt 0:00:15]} Nc8 {[%emt 0:00:
04]} 23. Rac1 {[%emt 0:00:22]} Ne7 {[%emt 0:00:17]} 24. g3 {[%emt 0:00:15]}
Red8 {[%emt 0:00:11]} 25. Rc5 {[%emt 0:00:17]} Bxd4 {[%emt 0:00:17]} 26. Rxd4 {
[%emt 0:00:01]} Nc6 {[%emt 0:00:01]} 27. Rd1 {[%emt 0:00:17]} d4 {[%emt 0:00:
23]} 28. Bxc6 {[%emt 0:00:09]} Bxc6 {[%emt 0:00:05]} 29. Rxc6 {[%emt 0:00:11]}
dxe3 {[%emt 0:00:02]} 30. Rxd7 {[%emt 0:00:01]} exf2+ {[%emt 0:00:01]} 31. Kxf2
{[%emt 0:00:03]} Rxd7 {[%emt 0:00:00]} 32. b4 {[%emt 0:00:19]} Rd2+ {[%emt 0:
00:07]} 33. Kg1 {[%emt 0:00:01]} Rb2 {[%emt 0:00:03]} 34. Rc4 {[%emt 0:00:01]}
Kb7 {[%emt 0:00:08]} 35. Re4 {[%emt 0:00:01]} Rc2 {[%emt 0:00:20]} 36. Re7+ {
[%emt 0:00:05]} Rc7 {[%emt 0:00:01]} 37. Re4 {[%emt 0:00:11]} f5 {[%emt 0:00:
03]} 38. Re5 {[%emt 0:00:04]} g6 {[%emt 0:00:03]} 39. Rb5+ {[%emt 0:00:02]} Ka6
{[%emt 0:00:03]} 40. Rb8 {[%emt 0:00:02]} Rb7 {[%emt 0:00:10]} 41. Rxb7 {[%emt
0:00:02]} Kxb7 {[%emt 0:00:00]} 42. b5 {[%emt 0:00:00]} Kc7 {[%emt 0:00:06]}
43. Kf2 {[%emt 0:00:01]} Kd6 {[%emt 0:00:02]} 44. Ke3 {[%emt 0:00:03]} g5 {
[%emt 0:00:04]} 45. Kd4 {[%emt 0:00:02]} f4 {[%emt 0:00:06]} 46. gxf4 {[%emt 0:
00:05]} gxf4 {[%emt 0:00:00]} 47. Ke4 {[%emt 0:00:01]} Kc5 {[%emt 0:00:01]} 48.
b6 {[%emt 0:00:01]} axb6 {[%emt 0:00:00]} 49. axb6 {[%emt 0:00:02]} Kxb6 {
[%emt 0:00:00]} 50. Kxf4 {[%emt 0:00:00]} Kc6 {[%emt 0:00:01]} 51. Kg5 {[%emt
0:00:00]} Kd6 {[%emt 0:00:00]} 52. Kh6 {[%emt 0:00:00]} Ke5 {[%emt 0:00:01]}
53. Kxh7 {[%emt 0:00:00]} Kf5 {[%emt 0:00:03]} 54. Kh6 {[%emt 0:00:04]} Kg4 {
[%emt 0:00:01]} 55. h3+ {[%emt 0:00:02]} Kxh3 {[%emt 0:00:01]} 1/2-1/2

[Event "Benidorm Satellite - Final"]
[Site "playchess.com #007059"]
[Date "2009.10.24"]
[Round "11"]
[White "Us6"]
[Black "-st!er-"]
[Result "1-0"]
[WhiteElo "2689"]
[BlackElo "2896"]
[PlyCount "115"]
[EventDate "2009.10.24"]
[EventType "tourn (blitz)"]

1. d4 {[%emt 0:00:01]} Nf6 {[%emt 0:00:03]} 2. c4 {[%emt 0:00:01]} g6 {[%emt 0:
00:08]} 3. Nc3 {[%emt 0:00:01]} Bg7 {[%emt 0:00:02]} 4. e4 {[%emt 0:00:01]} O-O
{[%emt 0:00:00]} 5. Be2 {[%emt 0:00:01]} c6 {[%emt 0:00:01]} 6. Nf3 {[%emt 0:
00:03]} d5 {[%emt 0:00:02]} 7. e5 {[%emt 0:00:04]} Ne4 {[%emt 0:00:01]} 8. O-O
{[%emt 0:00:03]} Nxc3 {[%emt 0:00:02]} 9. bxc3 {[%emt 0:00:01]} Bf5 {[%emt 0:
00:03]} 10. Nh4 {[%emt 0:00:04]} Be6 {[%emt 0:00:01]} 11. f4 {[%emt 0:00:04]}
Qd7 {[%emt 0:00:04]} 12. f5 {[%emt 0:00:30]} Bxf5 {[%emt 0:00:02]} 13. Nxf5 {
[%emt 0:00:01]} gxf5 {[%emt 0:00:01]} 14. cxd5 {[%emt 0:00:01]} cxd5 {[%emt 0:
00:01]} 15. Bd3 {[%emt 0:00:01]} e6 {[%emt 0:00:01]} 16. Bg5 {[%emt 0:00:01]}
Nc6 {[%emt 0:00:06]} 17. Rf3 {[%emt 0:00:01]} Ne7 {[%emt 0:00:02]} 18. Rh3 {
[%emt 0:00:04]} f6 {[%emt 0:00:07]} 19. exf6 {[%emt 0:00:06]} Bxf6 {[%emt 0:00:
02]} 20. Qh5 {[%emt 0:00:26]} Ng6 {[%emt 0:00:02]} 21. Bxf6 {[%emt 0:00:02]}
Rxf6 {[%emt 0:00:02]} 22. Qg5 {[%emt 0:00:01]} Raf8 {[%emt 0:00:07]} 23. Re1 {
[%emt 0:00:07]} Qc7 {[%emt 0:00:02]} 24. Bb1 {[%emt 0:00:21]} b5 {[%emt 0:00:
09]} 25. Rhe3 {[%emt 0:00:02]} Qb6 {[%emt 0:00:08]} 26. h4 {[%emt 0:00:04]} Kf7
{[%emt 0:00:35]} 27. h5 {[%emt 0:00:06]} Ne7 {[%emt 0:00:01]} 28. Qf4 {[%emt 0:
00:43]} Qb8 {[%emt 0:00:04]} 29. Qh4 {[%emt 0:00:05]} Rg8 {[%emt 0:00:03]} 30.
Rf1 {[%emt 0:00:08]} h6 {[%emt 0:00:12]} 31. Re5 {[%emt 0:00:03]} Rg4 {[%emt 0:
00:04]} 32. Qe1 {[%emt 0:00:02]} Qg8 {[%emt 0:00:05]} 33. Rf2 {[%emt 0:00:02]}
Nc6 {[%emt 0:00:01]} 34. Bd3 {[%emt 0:00:03]} a6 {[%emt 0:00:03]} 35. a4 {
[%emt 0:00:02]} b4 {[%emt 0:00:05]} 36. cxb4 {[%emt 0:00:04]} Rxd4 {[%emt 0:00:
04]} 37. Re3 {[%emt 0:00:07]} Nxb4 {[%emt 0:00:04]} 38. Bxf5 {[%emt 0:00:09]}
Ke7 {[%emt 0:00:50] '} 39. Rfe2 {[%emt 0:00:05]} Kd8 {[%emt 0:00:29]} 40. Bxe6
{[%emt 0:00:02]} Qg5 {[%emt 0:00:01]} 41. Bh3 {[%emt 0:00:02]} Nc6 {[%emt 0:00:
01]} 42. Re8+ {[%emt 0:00:01]} Kc7 {[%emt 0:00:01]} 43. Rc8+ {[%emt 0:00:11]}
Kb6 {[%emt 0:00:01]} 44. Rb2+ {[%emt 0:00:01]} Kc5 {[%emt 0:00:02]} 45. Rc2+ {
[%emt 0:00:02]} Rc4 {[%emt 0:00:02]} 46. Qe7+ {[%emt 0:00:03]} Kb6 {[%emt 0:00:
13]} 47. Qc7+ {[%emt 0:00:02]} Kc5 {[%emt 0:00:02]} 48. Qa7+ {[%emt 0:00:05]}
Kb4 {[%emt 0:00:02]} 49. Qb6+ {[%emt 0:00:01]} Ka3 {[%emt 0:00:01]} 50. Qb2+ {
[%emt 0:00:01]} Kxa4 {[%emt 0:00:01]} 51. Qa2+ {[%emt 0:00:03]} Kb5 {[%emt 0:
00:01]} 52. Rb2+ {[%emt 0:00:01]} Kc5 {[%emt 0:00:06]} 53. Qa5+ {[%emt 0:00:01]
} Kd6 {[%emt 0:00:02]} 54. Qc7+ {[%emt 0:00:01]} Kc5 {[%emt 0:00:01]} 55. Qb6+
{[%emt 0:00:01]} Kd6 {[%emt 0:00:01]} 56. Rd8+ {[%emt 0:00:01]} Ke7 {[%emt 0:
00:03]} 57. Re2+ {[%emt 0:00:02]} Re4 {[%emt 0:00:05]} 58. Qc7# {[%emt 0:00:01]
} 1-0